| 000 | 00492nam a2200217Ia 4500 | ||
|---|---|---|---|
| 008 | 210210b2007 xxu||||| |||| 00| 0 eng d | ||
| 020 | _a8189766058 | ||
| 041 | _aeng | ||
| 082 | _a954 SINH | ||
| 100 | _aSINGH (Amrik) | ||
| 245 | _aHindu muslim divide: a fresh look | ||
| 260 |
_aNew Delhi _bVitasta _c2007 |
||
| 300 | _axi,238 | ||
| 650 | _amuslim | ||
| 650 | _alook | ||
| 650 | _aHindu | ||
| 650 | _afresh | ||
| 650 | _adivide:a | ||
| 690 | _aIndian History | ||
| 906 | _a066478 | ||
| 999 |
_c147726 _d147726 |
||